00607nam a2200205 a 4500001001300000003000900013005001700022008004100039020002400080082002100104100002100125245005100146260004900197300000900246500003500255505003100290650003700321650002200358700002100380nice12345678IN_TiNIC20260116013734.0050524s1990 alba grp 000 0 eng  a0791444 c139400a909.0974927bBOU aBoullata, Issa J aTrends and Issues in Contemporary Arab Thought aAlbany bState University of New York c1990 a217p aincludes index and biblioraphy2 aNotes, Bibliography, Index aArab Countries-Intellectual Life aCivilization-Arab1 aBoullata, Issa J